000 00814cam a22003014a 4500
001 93000
005 20230410101731.0
008 090206s2008 ht 000 1 fre c
035 _a(OCoLC)ocn301983933
040 _aZQP
_cZQP
_dFDA
020 _a9789993591764
020 _a9993591769
035 _a(OCoLC)301983933
042 _apcc
043 _anwht---
050 1 4 _a110 PQ 3949.2
_bL183c 2008
082 0 0 _a843
100 1 _aLahens, Yanick.
245 1 3 _aLa couleur de l'aube :
_broman /
_cYanick Lahens.
260 _aPort-au-Prince, [Haiti] :
_bPresses Nationales d'HaĆ­ti,
_c2008.
300 _a224 p. ;
_c20 cm.
490 1 _aCollection Souffle nouveau
651 0 _aHaiti
_vFiction.
830 0 _aCollection Souffle nouveau.
942 _2lcc
_cbk
994 _aC0
_bDRFGD
966 _aRCH
999 _c13030
_d13030